000 04100cam a22012134i 4500
003 PE-LiUPU
005 20250813185535.0
008 150625s2003 ck a rb 000 0 spa d
020 _a9582006919
035 _a(Sirsi) i9789582006914
040 _aPE-LiUPU
_bspa
_cPE-LiUPU
_erda
049 _aPRUA
082 0 4 _a376.1
_bI21
_221
100 1 _aIafrancesco Villegas, Giovanni,
_eautor.
245 1 3 _aLa educación integral en el preescolar :
_bpropuesta pedagógica /
_cGiovanni M. Iafrancesco Villegas.
264 1 _aBogotá :
_bCooperativa Editorial Magisterio,
_c2003.
300 _a186 páginas :
_bilustraciones ;
_c24 centímetros
336 _atext
_2rdacontent
337 _aunmediated
_2rdamedia
338 _avolume
_2rdacarrier
504 _aIncluye bibliografía.
505 0 _aLa propuesta de escuela transformadora. -Los problemas por solucionar desde la educación. -La transformación educativa en los países latinoamericanos. -El modelo antropológico que inspira la acción educativa y docente. -Las características bio-psico-sociales del niño y la niña en edad preescolar. -Propuesta pedagógica para estructurar las áreas y programas de formación integral en el preescolar. -Propuesta de logros formativos para el preescolar. -Propuesta de programas de desarrollo lógico-matemático para los subniveles de preescolar. -Propuesta de programa de desarrollo socio-afectivo para los subniveles de preescolar. -Propuesta de programa de desarrollo del lenguaje para los subniveles de preescolar. -Propuesta de estrategias didácticas para el aprendizaje significativo en el preescolar. -Propuesta de manejo del entorno natural como centro de interés en el preescolar. -Las escuelas lúdica, activa y constructiva como apoyo al proceso pedagógico en preescolar. -Cómo evaluar el proceso de aprendizaje en el preescolar. -Algunas recomendaciones para la operacionalización de la propuesta pedagógica para el preescolar.
526 _aP202
526 _aP201
526 _aP163
526 _aP162
526 _aP161
526 _aP160
526 _aP148
526 _aP147
526 _aP146
526 _aP145
526 _aP144
526 _aP143
526 _aP142
526 _aP141
526 _aP140
526 _aP139
526 _aP138
526 _aP137
526 _aP136
526 _aP135
526 _aP134
526 _aP133
526 _aP129
526 _aP128
526 _aP127
526 _aP120
526 _aP119
526 _aP118
526 _aP116
526 _aP115
526 _aP114
526 _aP110
526 _aP109
526 _aP108
526 _aP104
526 _aP103
526 _aP102
526 _aP99
526 _aP98
526 _aP97
526 _aP96
526 _aP95
526 _aP93
526 _aP90
526 _aP89
526 _aP88
526 _aP83
526 _aP82
526 _aP62
526 _aP59
526 _aP58
526 _aP57
526 _aP51
526 _aP49
526 _aP48
526 _aP47
526 _aP29
526 _aP24
526 _aP20
526 _aP19
526 _aP17
526 _aP15
526 _aP14
526 _aP12
526 _aP10
526 _aP09
526 _aP08
526 _aP07
526 _aP06
526 _aP05
526 _aP04
526 _aP01
541 _g001-000324;
650 0 4 _aEducación preescolar.
650 0 4 _aEvaluación curricular
_zColombia.
650 0 4 _aInnovaciones educativas
_zColombia.
942 _2ddc
_cBOOK
949 _a376.1 I21
_wDEWEY
_c1
_i58348
_d2016-6-27
_e2016-6-23
_lCCODEBUL1
_mBUL
_n1
_p26.00
_r0
_sY
_tBOOK
_u2015-6-25
_xEDUCACION
_PP20
_0COMPRA
_o.STAFF. Colección General
994 _aC0
_bPEPRU
596 _a1
999 _a376.1 I21
_wDEWEY
_c47293
_i58348
_d47293
_e2016-6-23
_f2021-11-8
_g5
_lCCODEBUL1
_mBUL
_n1
_p26.00
_r0
_sY
_tBOOK
_u2015-6-25
_xEDUCACION
_PP20
_0COMPRA
_o.STAFF. Colección General
980 _81
_gALBERTO SANCHEZ Responsable de Automatización